000 00323nam a22001457a 4500
008 230907b ||||| |||| 00| 0 eng d
020 _a9780253206978
041 _aeng
080 _a101
082 _a101COL
100 _a44
101 _aFILO
245 _aEXPLORATIONS IN FEMINIST ETHICS
_cCOLE.B.E
942 _2udc
_cBK
999 _c60266
_d60266